000 00687nam a2200205 i 4500
001 84715
003 ES-MaACL
005 20250801153727.0
007 t|
008 041123s1968 sp ||||1| spa d
100 1 _aJanssens, Louis.
_966063
245 1 0 _aMatrimonio y fecundidad
_b: de "Casti Connubii" a "Gaudium et Spes" /
_cLouis Janssens ; [versión de E. Melon-Martínez].
260 _a[Bilbao] :
_bDesclée de Brouwer,
_c[1968]
300 _a141 p. ;
_c19 cm.
490 1 _aColección "Amor y Vida" ;
_v2
700 1 _aMelón Martínez, Enrique.
_980022
830 0 0 _aAmor y vida
_v2
_9187327
852 _aES-MaACL
_jC-51573
_bR.66346
999 _c84715
_d84715